Bratislavský magazín

Bibliographic Details
Main Author: Rozenbergová, Alžbeta (Author, Compiler)
Format: Book
Language:Slovak
PhysicalDescription:248 s. 21 cm
Published: Bratislava Bratislavská informačná a propagačná služba 1989
ISBN:8085127008
Edition:1. vyd.
Subjects:

MARC

LEADER 00000nam a2200000 a 4500
001 vtls001061512
003 SK-MaSNL
005 20260425224610.0
008 250414s1989 xo 0 slo
015 |a SNBA1990/07 
020 |a 8085127008  |q (brož.)  |q (30000 výtl.) 
035 |a SNK000004340 
040 |a SNK  |b slo  |c SNK  |e AACR2 
041 0 |a slo 
044 |a xo  |c SK 
080 |a 05(437.6-25)  |2 1981 
100 1 |a Rozenbergová, Alžbeta  |4 aut  |9 375342 
245 1 0 |a Bratislavský magazín  |c Alžbeta Rozenbergová ; Alžbeta Rozenbergová, Martin Suchár, M. Bachratý, K. Čizmazia, P. Gabriš, František Jablonovský 
250 |a 1. vyd. 
260 |a Bratislava  |b Bratislavská informačná a propagačná služba  |c 1989  |e Bratislava  |f Polygrafické závody 
300 |a 248 s.  |c 21 cm 
366 |e 18 Kčs. 
651 7 |a Bratislava (Slovensko)  |2 SNK  |9 14568 
700 1 |a Bachratý, M.  |4 bkd  |9 375343 
700 1 |a Čizmazia, Karol,  |d 1954-  |4 bkd  |9 210492 
700 1 |a Gabriš, P.  |4 bkd  |9 375344 
700 1 |a Jablonovský, František,  |d 1956-  |4 bkd  |9 104698 
700 1 |a Rozenbergová, Alžbeta  |4 com  |9 375342 
700 1 |a Suchár, Martin  |4 bkd  |9 375345 
852 |a Slovenská národná knižnica 
954 |a Bratislava 
958 |a OND 
958 |a TL 
999 |c 618239  |d 620169 
952 |t P60, <04>, [BOOK], {604}  |a SNK  |b SNK  |y VYP  |7 0  |p 17A0129671  |o snkSC 76823 D1  |0 0  |1 0  |4 0  |d 1998-03-21  |l 0  |r 2004-12-31 00:00:00  |w 2026-02-23 
952 |t P60, <03>, [BOOK], {603}  |a SNK  |b SNK  |y PREZ  |7 0  |p 17A0231683  |o snkSC 76823  |0 0  |1 0  |4 0  |d 2000-03-15  |l 0  |r 2004-12-31 00:00:00  |w 2026-02-23